| 000 | 00658nam a2200205Ia 4500 | ||
|---|---|---|---|
| 003 | GCL | ||
| 008 | 140319s9999 xx 000 0 ara d | ||
| 040 |
_aGCL / _cGCL |
||
| 082 | 0 | 4 |
_a227 _bح د |
| 100 | 1 | _aحسن يونس حسن عبيدو | |
| 245 | 1 | 0 |
_aدراسات ومباحث فى تاريخ التفسير ومناهج المفسرين / _cحسن يونس حسن عبيدو |
| 700 | 1 | _aحسن يونس حسن | |
| 260 |
_a[S.N] : _bمركز الكتاب للنشر ، _c1992 |
||
| 300 | _a256 ص | ||
| 490 | _a | ||
| 650 | 0 | 4 | _aالمفسرون |
| 650 | 0 | 4 | _aالاسرائيليات |
| 650 | 0 | 4 | _aتفاسير القران |
| 942 |
_2ddc _cBK |
||
| 999 |
_c50174 _d50174 |
||